Leitfaden der algebra

Αποθηκεύτηκε σε:
Λεπτομέρειες βιβλιογραφικής εγγραφής
Κύριος συγγραφέας: Buchner, Paul
Μορφή: Βιβλίο
Γλώσσα:German
Δημοσίευση: Zurich : Orell Fussli Verlag, [1944]
Σειρά:Mathematisches Unterrichtswerk
Θέματα:
Ετικέτες: Προσθήκη ετικέτας
Δεν υπάρχουν, Καταχωρήστε ετικέτα πρώτοι!

MARC

LEADER 00000cam a2200000 a 4500
001 1/107159
008 150626s1944####sz | ||| |||| ||ger||
040 |a GR-MyUa  |b gre  |c GR-MyUa  |e AACR2 
041 0 |a ger 
082 7 |a 512.9   |2 (23) 
100 1 |a Buchner, Paul. 
245 1 0 |a Leitfaden der algebra /   |c bearbeitet von Prof. Dr. P. Buchner. 
260 |a Zurich :   |b Orell Fussli Verlag,   |c [1944] 
300 |a 237 σ. :   |b σχέδια ;   |c 20 εκ.  
490 1 |3 (Mathematisches Unterrichtswerk) 
505 8 |a τ.4. Mit einer Einfuhrung in die Differential- und Integralrechnung. 
650 0 |a Algebra. 
830 0 |a Mathematisches Unterrichtswerk 
852 |a INST  |b SAMOS  |c MAG  |e 20150626  |h 512.9 BUC  |p 005300035299  |q 005300035299  |t BK  |y 0 
970 |a Σιτζίμη  |b Γιασεμή  |z 26/06/2015